Planning for economic development (Record no. 106891)
[ view plain ]
| 000 -LEADER | |
|---|---|
| fixed length control field | 01864cad a22002895a 4500 |
| 001 - CONTROL NUMBER | |
| control field | L137741 |
| 008 - FIXED-LENGTH DATA ELEMENTS--GENERAL INFORMATION | |
| fixed length control field | 070425s2006 xxkd f 000 0 eng d |
| 035 ## - SYSTEM CONTROL NUMBER | |
| System control number | (Sirsi) u137741 |
| 041 0# - LANGUAGE CODE | |
| Language code of text/sound track or separate title | eng |
| 110 2# - MAIN ENTRY--CORPORATE NAME | |
| Corporate name or jurisdiction name as entry element | Nathaniel Lichfield and Partners |
| 9 (RLIN) | 871 |
| 245 00 - TITLE STATEMENT | |
| Title | Planning for economic development |
| 260 ## - PUBLICATION, DISTRIBUTION, ETC. | |
| Place of publication, distribution, etc. | Stockton on Tees |
| Name of publisher, distributor, etc. | One North East |
| Date of publication, distribution, etc. | 2006 |
| 520 ## - SUMMARY, ETC. | |
| Summary, etc. | Examines the effectiveness of the current national planning policy framework for enabling economic development schemes. Concludes that an updated policy statement is necessary, and should draw together the strands of planning strategy and reflect economic changes that have taken place. Describes the role of Regional Development Agencies (RDAs) as influencing national planning policy in addition to enabling local developments. Finds that economic objectives are not given as much weight as other policy objectives due to the complexities of policy. States that while the ODPM has tried to simplify planning policy, more streamlining is required. RDAs feel that piecemeal superseding of the PPG4 Planning for Economic Development guidelines has led to confusion and a lack of cohesive strategy. Outlines PPG4's current use. Details pressure to develop housing, town centres, mixed use developments and Employment Land Reviews. |
| 650 24 - SUBJECT ADDED ENTRY--TOPICAL TERM | |
| Topical term or geographic name entry element | EMPLOYMENT LAND |
| 650 24 - SUBJECT ADDED ENTRY--TOPICAL TERM | |
| Topical term or geographic name entry element | PPG3 |
| 650 24 - SUBJECT ADDED ENTRY--TOPICAL TERM | |
| Topical term or geographic name entry element | PPG4 |
| 650 24 - SUBJECT ADDED ENTRY--TOPICAL TERM | |
| Topical term or geographic name entry element | PLANNING POLICY STATEMENT ONE |
| 650 24 - SUBJECT ADDED ENTRY--TOPICAL TERM | |
| Topical term or geographic name entry element | PLANNING POLICY STATEMENT 3 |
| 650 24 - SUBJECT ADDED ENTRY--TOPICAL TERM | |
| Topical term or geographic name entry element | PLANNING POLICY STATEMENT FOUR |
| 650 24 - SUBJECT ADDED ENTRY--TOPICAL TERM | |
| Topical term or geographic name entry element | PLANNING POLICY STATEMENT 6 |
| 650 24 - SUBJECT ADDED ENTRY--TOPICAL TERM | |
| Topical term or geographic name entry element | PLANNING POLICY |
| 650 24 - SUBJECT ADDED ENTRY--TOPICAL TERM | |
| Topical term or geographic name entry element | REGIONAL DEVELOPMENT AGENCIES |
| 651 #4 - SUBJECT ADDED ENTRY--GEOGRAPHIC NAME | |
| Geographic name | England and Wales |
| Chronological subdivision | 1543- |
| 690 ## - LOCAL SUBJECT ADDED ENTRY--TOPICAL TERM (OCLC, RLIN) | |
| Topical term or geographic name as entry element | Planning and development |
| 9 (RLIN) | 6259 |
| 856 48 - ELECTRONIC LOCATION AND ACCESS | |
| Uniform Resource Identifier | <a href="https://www.onenortheast.co.uk/page/reportspublications.cfm">https://www.onenortheast.co.uk/page/reportspublications.cfm</a> |
| Public note | View the item free of charge at http://www.onenortheast.co.uk |
| 942 ## - ADDED ENTRY ELEMENTS (KOHA) | |
| Suppress in OPAC | 0 |
| Withdrawn status | Lost status | Source of classification or shelving scheme | Damaged status | Not for loan | Home library | Current library | Shelving location | Date acquired | Total Checkouts | Full call number | Barcode | Date last seen | Copy number | Price effective from | Koha item type |
|---|---|---|---|---|---|---|---|---|---|---|---|---|---|---|---|
| Dewey Decimal Classification | Virtual | Virtual | Online | 25/04/2007 | L137741 | 137741-2001 | 06/08/2019 | 1 | 06/08/2019 | Book |